UBT Library

Surgical oncology : (Record no. 737)

000 -LEADER
fixed length control field 00812nam a22002057a 4500
005 - DATE AND TIME OF LATEST TRANSACTION
control field 20150512042740.0
008 - FIXED-LENGTH DATA ELEMENTS--GENERAL INFORMATION
fixed length control field 111209r20122011ii ac b 001 0 eng
020 ## - INTERNATIONAL STANDARD BOOK NUMBER
International Standard Book Number 9780071786102
080 ## - UNIVERSAL DECIMAL CLASSIFICATION NUMBER
Universal Decimal Classification number 617
245 00 - TITLE STATEMENT
Title Surgical oncology :
Statement of responsibility, etc editors, David L. Bartlett, Pragatheeshwar Thirunavukarasu, Matthew D. Neal ; special contributing editor, Phil Bao, Kothai Divya Pragatheeshwar.
260 ## -
-- New Delhi, India :
-- Jaypee Brothers Medical Publishers ;
-- New York :
-- McGraw-Hill Medical,
-- 2012.
300 ## -
-- 616 f. :
-- me il.;
-- 28 cm.
505 0# -
-- Index: f. 616
650 #0 -
-- Kirurgjia
650 12 -
-- Kanceri
700 1# -
-- Bartlett, David L.,
-- MD.
700 1# -
-- Thirunavukarasu, Pragatheeshwar.
700 1# -
-- Neal, Matthew D.
942 ## - ADDED ENTRY ELEMENTS (KOHA)
Source of classification or shelving scheme
Item type Books
Holdings
Withdrawn status Lost status Source of classification or shelving scheme Damaged status Not for loan Collection code Permanent location Current location Shelving location Date acquired Total Checkouts Full call number Date last seen Price effective from Koha item type
          Koleksioni i përgjithshem UBT - Lipjan UBT - Lipjan Koleksioni i përgjithshem 05/12/2015   617 SUR 05/12/2015 05/12/2015 Books
UBT Library © 2015-2024. All rights reserved University Education for Business and Technology